[Event "Olimpiada de Khanty-Mansiysk 2010"]
[Site "Khanty-Mansiysk RUS"]
[Date "2010.09.28"]
[Round "7"]
[White "Hillarp Persson, Tiger"]
[Black "Peralta, Fernando"]
[Result "1-0"]
[WhiteElo "2517"]
[BlackElo "2572"]
[PlyCount "37"]
[EventDate "2010.09.21"]
[EventType "team"]
[EventRounds "11"]
[EventCountry "RUS"]
[Source "lmi"]
[SourceDate "2010.09.21"]
[WhiteTeam "Suecia"]
[BlackTeam "Argentina"]
[WhiteTeamCountry "SWE"]
[BlackTeamCountry "ARG"]

1. d4 Nf6 2. c4 e6 3. Nf3 d5 4. g3 Bb4+ 5. Nc3 O-O 6. Bg2 dxc4 7. O-O Nc6 8. a3
Be7 9. e4 Na5 10. Qe2 Nb3 11. Rb1 Nxd4 12. Nxd4 Qxd4 13. Rd1 Qb6 14. e5 Nd5 15.
Qxc4 Nxc3 16. Qxc3 c5 17. Be3 Qb5 18. Rbc1 Bd7 19. a4 1-0

[Event "Olimpiada de Khanty-Mansiysk 2010"]
[Site "Khanty-Mansiysk RUS"]
[Date "2010.09.28"]
[Round "7"]
[White "Lafuente, Pablo"]
[Black "Grandelius, Nils"]
[Result "1-0"]
[WhiteElo "2565"]
[BlackElo "2500"]
[PlyCount "137"]
[EventDate "2010.09.21"]
[EventType "team"]
[EventRounds "11"]
[EventCountry "RUS"]
[Source "lmi"]
[SourceDate "2010.09.21"]
[WhiteTeam "Argentina"]
[BlackTeam "Suecia"]
[WhiteTeamCountry "ARG"]
[BlackTeamCountry "SWE"]

1. Nf3 d5 2. d4 Nf6 3. c4 e6 4. g3 Bb4+ 5. Bd2 Be7 6. Bg2 O-O 7. O-O c6 8. Bf4
Nbd7 9. Qb3 b6 10. Nc3 Bb7 11. cxd5 cxd5 12. Rfc1 Nh5 13. Be3 Nhf6 14. a4 a6
15. Bg5 Rc8 16. e3 h6 17. Bxf6 Nxf6 18. Ne5 Qd6 19. a5 b5 20. Na4 bxa4 21. Qxb7
Rb8 22. Qc6 Rxb2 23. Qxa4 Rfb8 24. Rc6 R8b4 25. Rc8+ Bf8 26. Qd1 R4b3 27. Nd3
Rb8 28. Rcc1 R2b5 29. Ne5 Ra8 30. Bf1 Rb2 31. Rc6 Qd8 32. Qc1 Rab8 33. Bxa6 Ne4
34. Rc2 Rxc2 35. Qxc2 Ra8 36. Qc6 Bb4 37. Qb7 Qf8 38. Nd7 Qd8 39. Qxb4 Qxd7 40.
Bb7 Ra7 41. a6 Qc7 42. Qb2 Nd6 43. Rc1 Qa5 44. Rc5 Qe1+ 45. Kg2 Ne4 46. Rc1 Qa5
47. Ra1 Qc7 48. Qa3 Qc2 49. Ra2 Qd1 50. Qb2 g6 51. h4 Qd3 52. Bxd5 exd5 53.
Qb8+ Kg7 54. Qxa7 Qb1 55. Re2 Nc3 56. Qb7 Qe4+ 57. f3 Qd3 58. Rb2 Nd1 59. a7
Nxe3+ 60. Kh2 Nf1+ 61. Kg1 Nd2 62. Rxd2 Qxd2 63. a8=Q Qe1+ 64. Kg2 Qe2+ 65. Kh3
h5 66. Qaa6 Qe1 67. Qb2 Qh1+ 68. Qh2 Qf1+ 69. Qxf1 1-0

[Event "Olimpiada de Khanty-Mansiysk 2010"]
[Site "Khanty-Mansiysk RUS"]
[Date "2010.09.28"]
[Round "7"]
[White "Papaioannou, Ioannis"]
[Black "Stevic, Hrvoje"]
[Result "1/2-1/2"]
[WhiteElo "2622"]
[BlackElo "2607"]
[PlyCount "43"]
[EventDate "2010.09.21"]
[EventType "team"]
[EventRounds "11"]
[EventCountry "RUS"]
[Source "lmi"]
[SourceDate "2010.09.21"]
[WhiteTeam "Grecia"]
[BlackTeam "Croacia"]
[WhiteTeamCountry "GRE"]
[BlackTeamCountry "CRO"]

1. d4 d5 2. Nf3 Bf5 3. Bg5 h6 4. Bh4 c6 5. e3 Qb6 6. b3 Qa5+ 7. c3 Bxb1 8. b4
Qa3 9. Rxb1 Qxc3+ 10. Nd2 Qa3 11. Rb3 Qa4 12. Nb1 e6 13. a3 b5 14. Nc3 Qa6 15.
a4 Qb7 16. axb5 Be7 17. Bg3 Nf6 18. Bd3 O-O 19. O-O cxb5 20. Bxb5 a6 21. Bd3
Nc6 22. b5 1/2-1/2

[Event "Olimpiada de Khanty-Mansiysk 2010"]
[Site "Khanty-Mansiysk RUS"]
[Date "2010.09.28"]
[Round "7"]
[White "Kozul, Zdenko"]
[Black "Banikas, Hristos"]
[Result "1/2-1/2"]
[WhiteElo "2604"]
[BlackElo "2590"]
[PlyCount "77"]
[EventDate "2010.09.21"]
[EventType "team"]
[EventRounds "11"]
[EventCountry "RUS"]
[Source "lmi"]
[SourceDate "2010.09.21"]
[WhiteTeam "Croacia"]
[BlackTeam "Grecia"]
[WhiteTeamCountry "CRO"]
[BlackTeamCountry "GRE"]

1. d4 Nf6 2. c4 e6 3. Nf3 b6 4. g3 Bb7 5. Bg2 Be7 6. O-O O-O 7. Re1 a5 8. d5
Bb4 9. Nc3 exd5 10. cxd5 Bxc3 11. bxc3 Bxd5 12. e4 Bc6 13. e5 Ne4 14. Nd4 f5
15. Ba3 Rf7 16. f4 Qe8 17. Nxf5 Rxf5 18. Rxe4 Na6 19. Rd4 Bxg2 20. Kxg2 Rf7 21.
Qd3 Qe6 22. Kg1 Nc5 23. Bxc5 bxc5 24. Rd5 g5 25. Rd1 gxf4 26. Rxd7 Rxd7 27.
Qxd7 Qxe5 28. Qd5+ Qxd5 29. Rxd5 fxg3 30. hxg3 Rb8 31. Rg5+ Kf7 32. Rxc5 Rb1+
33. Kf2 Rb2+ 34. Ke3 Rxa2 35. Rxc7+ Ke6 36. Rxh7 Rg2 37. Rh6+ Kf7 38. Kf4 a4
39. Ra6 1/2-1/2

[Event "Olimpiada de Khanty-Mansiysk 2010"]
[Site "Khanty-Mansiysk RUS"]
[Date "2010.09.28"]
[Round "7"]
[White "Mastrovasilis, Dimitrios"]
[Black "Palac, Mladen"]
[Result "1/2-1/2"]
[WhiteElo "2569"]
[BlackElo "2561"]
[PlyCount "33"]
[EventDate "2010.09.21"]
[EventType "team"]
[EventRounds "11"]
[EventCountry "RUS"]
[Source "lmi"]
[SourceDate "2010.09.21"]
[WhiteTeam "Grecia"]
[BlackTeam "Croacia"]
[WhiteTeamCountry "GRE"]
[BlackTeamCountry "CRO"]

1. e4 c5 2. Nf3 d6 3. d4 cxd4 4. Nxd4 Nf6 5. Nc3 a6 6. h3 e6 7. g4 Be7 8. Bg2
Nfd7 9. Be3 Nc6 10. Qe2 O-O 11. O-O-O Nxd4 12. Bxd4 Qc7 13. Kb1 Rb8 14. Ba7 Ra8
15. Bd4 Rb8 16. Ba7 Ra8 17. Bd4 1/2-1/2

[Event "Olimpiada de Khanty-Mansiysk 2010"]
[Site "Khanty-Mansiysk RUS"]
[Date "2010.09.28"]
[Round "7"]
[White "Jankovic, Alojzije"]
[Black "Halkias, Stelios"]
[Result "1/2-1/2"]
[WhiteElo "2560"]
[BlackElo "2577"]
[PlyCount "61"]
[EventDate "2010.09.21"]
[EventType "team"]
[EventRounds "11"]
[EventCountry "RUS"]
[Source "lmi"]
[SourceDate "2010.09.21"]
[WhiteTeam "Croacia"]
[BlackTeam "Grecia"]
[WhiteTeamCountry "CRO"]
[BlackTeamCountry "GRE"]

1. d4 d6 2. Nf3 f5 3. g3 Nf6 4. Bg2 g6 5. c3 Bg7 6. Qb3 c6 7. Ng5 d5 8. h4 Qb6
9. Nd2 h6 10. Nh3 Be6 11. Nf3 Qxb3 12. axb3 Ng4 13. Nf4 Bf7 14. Nd3 Nd7 15. Bf4
O-O 16. b4 Rfe8 17. Bh3 e5 18. Nfxe5 Ngxe5 19. dxe5 Nxe5 20. Nxe5 Bxe5 21. Bxh6
d4 22. cxd4 Bxd4 23. Bc1 Bd5 24. Rg1 Rad8 25. Ra3 Be4 26. g4 f4 27. Bxf4 Bxb2
28. Re3 Bd4 29. Ra3 Bb2 30. Re3 Bd4 31. Ra3 1/2-1/2

[Event "Olimpiada de Khanty-Mansiysk 2010"]
[Site "Khanty-Mansiysk RUS"]
[Date "2010.09.28"]
[Round "7"]
[White "Nedev, Trajko"]
[Black "Ftacnik, Lubomir"]
[Result "1/2-1/2"]
[WhiteElo "2505"]
[BlackElo "2568"]
[PlyCount "97"]
[EventDate "2010.09.21"]
[EventType "team"]
[EventRounds "11"]
[EventCountry "RUS"]
[Source "lmi"]
[SourceDate "2010.09.21"]
[WhiteTeam "MKD"]
[BlackTeam "Eslovaquia"]
[BlackTeamCountry "SVK"]

1. e4 c5 2. Nf3 d6 3. d4 cxd4 4. Nxd4 Nf6 5. Nc3 e6 6. Be3 a6 7. f3 b5 8. Qd2
b4 9. Na4 Nbd7 10. Bc4 Qa5 11. Bb3 Bb7 12. c4 Nc5 13. Nxc5 dxc5 14. Ne2 Be7 15.
Nf4 Rd8 16. Qf2 g5 17. Ne2 g4 18. e5 Nd7 19. f4 Qc7 20. O-O-O Qc6 21. Rd2 Qxg2
22. Qxg2 Bxg2 23. Rg1 Bc6 24. Rxg4 a5 25. Bc2 Nb6 26. b3 Rxd2 27. Kxd2 Nd7 28.
Rg1 h5 29. Ng3 f5 30. Nxf5 exf5 31. Bxf5 Nf8 32. Bh3 Bf3 33. f5 Bg4 34. Bxg4
hxg4 35. Bf4 Rh5 36. f6 Ne6 37. Rxg4 Nxf4 38. Rxf4 Rxh2+ 39. Kd3 Rxa2 40. Ke4
a4 41. bxa4 Rxa4 42. fxe7 b3 43. Kd3 Rb4 44. Rf1 Kxe7 45. Kc3 Ke6 46. Rb1 Kxe5
47. Rxb3 Rxb3+ 48. Kxb3 Kd4 49. Kb2 1/2-1/2

[Event "Olimpiada de Khanty-Mansiysk 2010"]
[Site "Khanty-Mansiysk RUS"]
[Date "2010.09.28"]
[Round "7"]
[White "Petrik, Tomas"]
[Black "Mitkov, Nikola"]
[Result "1-0"]
[WhiteElo "2528"]
[BlackElo "2531"]
[PlyCount "175"]
[EventDate "2010.09.21"]
[EventType "team"]
[EventRounds "11"]
[EventCountry "RUS"]
[Source "lmi"]
[SourceDate "2010.09.21"]
[WhiteTeam "Eslovaquia"]
[BlackTeam "MKD"]
[WhiteTeamCountry "SVK"]

1. d4 d5 2. c4 e6 3. Nf3 Nf6 4. g3 Bb4+ 5. Bd2 Be7 6. Bg2 c6 7. Qc2 b6 8. O-O
Ba6 9. b3 Nbd7 10. Rd1 Rc8 11. a4 c5 12. Na3 Bb7 13. Qb2 O-O 14. Rac1 Ne4 15.
Be1 Bf6 16. b4 Re8 17. Qb1 Qc7 18. cxd5 exd5 19. bxc5 bxc5 20. Bh3 Bc6 21. Nb5
Qb8 22. dxc5 Nexc5 23. Bb4 a6 24. Bxc5 axb5 25. Bd4 Qb7 26. Bxf6 gxf6 27. axb5
Qxb5 28. Qxb5 Bxb5 29. Rxc8 Rxc8 30. Rb1 Ba4 31. Ra1 Rc4 32. Rxa4 Rxa4 33. Bxd7
Rc4 34. e3 Kf8 35. Nd4 Rc5 36. Kg2 Ra5 37. Kf3 Kg7 38. Bf5 Rc5 39. Bd3 Rc3 40.
Bc2 Rc5 41. Kg2 Ra5 42. Bd1 Ra6 43. Bf3 Ra5 44. Ne2 Ra2 45. Nc3 Rd2 46. Nxd5
Rb2 47. Be4 Rb5 48. Nf4 Kg8 49. Kf3 Kg7 50. g4 Rb6 51. Nh5+ Kh8 52. h3 Rd6 53.
Kf4 Re6 54. f3 Rb6 55. Kf5 Rb3 56. Nxf6 Rxe3 57. Kf4 Re1 58. Nxh7 Rh1 59. Kg3
Rg1+ 60. Kf2 Rh1 61. Kg2 Rd1 62. Nf6 Rd6 63. Nh5 Rd1 64. Nf4 Kg7 65. h4 Rd4 66.
Kg3 Rd1 67. Ne2 Rd2 68. Kf2 Rd1 69. Ke3 Rh1 70. Ng3 Rd1 71. Kf4 Kh8 72. g5 Rd6
73. Kg4 Rb6 74. f4 Kg7 75. h5 Kh8 76. h6 Rd6 77. f5 Rb6 78. Nh5 Rb4 79. Kf4 Rb5
80. Ng3 Ra5 81. g6 f6 82. Ne2 Ra4 83. Ke3 Ra3+ 84. Kd4 Ra4+ 85. Kd3 Ra3+ 86.
Nc3 Ra1 87. g7+ Kh7 88. Bd5 1-0

[Event "Olimpiada de Khanty-Mansiysk 2010"]
[Site "Khanty-Mansiysk RUS"]
[Date "2010.09.28"]
[Round "7"]
[White "Stanojoski, Zvonko"]
[Black "Jurcik, Marian"]
[Result "1-0"]
[WhiteElo "2485"]
[BlackElo "2466"]
[PlyCount "145"]
[EventDate "2010.09.21"]
[EventType "team"]
[EventRounds "11"]
[EventCountry "RUS"]
[Source "lmi"]
[SourceDate "2010.09.21"]
[WhiteTeam "MKD"]
[BlackTeam "Eslovaquia"]
[BlackTeamCountry "SVK"]

1. c4 e5 2. g3 Nf6 3. Bg2 Nc6 4. Nc3 Bb4 5. Nd5 O-O 6. Nxb4 Nxb4 7. d3 d6 8.
Nf3 Nc6 9. O-O Bf5 10. Nh4 Bg4 11. h3 Be6 12. b4 a6 13. a3 Qd7 14. Kh2 d5 15.
cxd5 Nxd5 16. Bb2 a5 17. b5 Nd4 18. a4 Nb4 19. Ra3 f6 20. Bxd4 exd4 21. Bxb7
Rad8 22. Bg2 Rfe8 23. Nf3 Bf7 24. Re1 Qd6 25. Ra1 Re7 26. Qd2 c5 27. bxc6 Nxc6
28. Nh4 Re5 29. Kg1 Nb4 30. Nf3 Rc5 31. Rec1 Rdc8 32. Rxc5 Qxc5 33. Qf4 Rd8 34.
Rc1 Qb6 35. Qc7 Qxc7 36. Rxc7 Bb3 37. Rc5 Bxa4 38. Rxa5 Bd1 39. Kf1 g5 40. Ke1
Bb3 41. Rb5 Nc2+ 42. Kd2 Ba4 43. Ra5 Bb3 44. h4 h6 45. Nh2 Rc8 46. hxg5 hxg5
47. Bb7 Rc7 48. Bd5+ Bxd5 49. Rxd5 Na1 50. f4 gxf4 51. gxf4 Nb3+ 52. Ke1 Re7
53. Rd8+ Kf7 54. Rc8 Kg6 55. Nf3 Kf5 56. Rb8 Nc1 57. Nxd4+ Kxf4 58. Kd2 Na2 59.
Rb2 Ra7 60. Rb6 Kg5 61. Nf3+ Kg6 62. Ne5+ Kg7 63. Ng4 Rf7 64. e4 f5 65. Nh6 Rf6
66. Nxf5+ Kf7 67. Rb7+ Kg6 68. Rb2 Ra6 69. Ne7+ Kf6 70. Nd5+ Ke5 71. Rb5 Kd4
72. Nc7 Rd6 73. Ne6+ 1-0

[Event "Olimpiada de Khanty-Mansiysk 2010"]
[Site "Khanty-Mansiysk RUS"]
[Date "2010.09.28"]
[Round "7"]
[White "Kovacevic, Aleksandar"]
[Black "Lenic, Luka"]
[Result "1/2-1/2"]
[WhiteElo "2582"]
[BlackElo "2603"]
[PlyCount "64"]
[EventDate "2010.09.21"]
[EventType "team"]
[EventRounds "11"]
[EventCountry "RUS"]
[Source "lmi"]
[SourceDate "2010.09.21"]
[WhiteTeam "SRB"]
[BlackTeam "Eslovenia"]
[BlackTeamCountry "SLO"]

1. e4 c5 2. Nf3 Nc6 3. Bb5 Nf6 4. Nc3 Qc7 5. O-O Nd4 6. Re1 a6 7. Bf1 Ng4 8. g3
Nxf3+ 9. Qxf3 Ne5 10. Qd1 d6 11. Bg2 e6 12. d3 Be7 13. Be3 O-O 14. f4 Nc6 15.
Ne2 b5 16. c3 Bb7 17. g4 Rfe8 18. d4 Rac8 19. d5 exd5 20. exd5 Nb8 21. Bf2 Nd7
22. b3 Bf8 23. c4 Nb6 24. Qc2 Qd7 25. h3 a5 26. Ng3 bxc4 27. bxc4 Ba6 28. Be4
g6 29. Bd3 Bg7 30. Rab1 Qc7 31. Ne4 Nd7 32. Qa4 Kf8 1/2-1/2

[Event "Olimpiada de Khanty-Mansiysk 2010"]
[Site "Khanty-Mansiysk RUS"]
[Date "2010.09.28"]
[Round "7"]
[White "Markus, Robert"]
[Black "Borisek, Jure"]
[Result "1/2-1/2"]
[WhiteElo "2624"]
[BlackElo "2535"]
[PlyCount "55"]
[EventDate "2010.09.21"]
[EventType "team"]
[EventRounds "11"]
[EventCountry "RUS"]
[Source "lmi"]
[SourceDate "2010.09.21"]
[WhiteTeam "SRB"]
[BlackTeam "Eslovenia"]
[BlackTeamCountry "SLO"]

1. c4 c5 2. Nc3 g6 3. g3 Bg7 4. Bg2 Nc6 5. Nf3 d6 6. O-O Nf6 7. d4 cxd4 8. Nxd4
Bd7 9. e3 O-O 10. b3 Qa5 11. Bb2 Rfc8 12. Nde2 Rab8 13. a4 a6 14. Rb1 Qd8 15.
h3 Na5 16. Ba1 Ne8 17. Nd5 Bxa1 18. Rxa1 e6 19. Ndc3 Bc6 20. e4 b6 21. Ra2 Qe7
22. Re1 Rd8 23. Nf4 Ba8 24. Rd2 Qf6 25. Nfe2 Qe5 26. Nd4 Qc5 27. Na2 Qc7 28.
Nb4 1/2-1/2

[Event "Olimpiada de Khanty-Mansiysk 2010"]
[Site "Khanty-Mansiysk RUS"]
[Date "2010.09.28"]
[Round "7"]
[White "Bluvshtein, Mark"]
[Black "Topalov, Veselin"]
[Result "1-0"]
[WhiteElo "2583"]
[BlackElo "2803"]
[PlyCount "83"]
[EventDate "2010.09.21"]
[EventType "team"]
[EventRounds "11"]
[EventCountry "RUS"]
[Source "lmi"]
[SourceDate "2010.09.21"]
[WhiteTeam "Canadá"]
[BlackTeam "Bulgaria"]
[WhiteTeamCountry "CAN"]
[BlackTeamCountry "BUL"]

1. d4 Nf6 2. c4 g6 3. Nc3 Bg7 4. e4 d6 5. Nf3 O-O 6. h3 Na6 7. Bg5 c6 8. Be2 e5
9. d5 h6 10. Be3 Nh5 11. dxc6 bxc6 12. Qd2 Nf4 13. O-O f5 14. Bxf4 exf4 15.
exf5 Bxf5 16. Rad1 Rb8 17. Nd4 Bd7 18. Bf3 Qb6 19. Nb3 Be5 20. Ne4 Rbd8 21. Qe2
c5 22. Rd2 Rfe8 23. Rfd1 Bf5 24. Nxd6 Bxd6 25. Rxd6 Rxe2 26. Rxd8+ Kf7 27. Bxe2
Ke7 28. Bg4 Bxg4 29. hxg4 Qxd8 30. Rxd8 Kxd8 31. Kf1 Ke7 32. Ke2 Kd6 33. a3 Nb8
34. Kf3 Ke5 35. Nxc5 g5 36. Nb3 Nd7 37. Ke2 Kd6 38. f3 Ne5 39. Na5 Kc5 40. b4+
Kd4 41. c5 Kd5 42. Kd2 1-0

[Event "Olimpiada de Khanty-Mansiysk 2010"]
[Site "Khanty-Mansiysk RUS"]
[Date "2010.09.28"]
[Round "7"]
[White "Cheparinov, Ivan"]
[Black "Roussel-Roozmon, Thomas"]
[Result "1/2-1/2"]
[WhiteElo "2661"]
[BlackElo "2484"]
[PlyCount "111"]
[EventDate "2010.09.21"]
[EventType "team"]
[EventRounds "11"]
[EventCountry "RUS"]
[Source "lmi"]
[SourceDate "2010.09.21"]
[WhiteTeam "Bulgaria"]
[BlackTeam "Canadá"]
[WhiteTeamCountry "BUL"]
[BlackTeamCountry "CAN"]

1. d4 d5 2. c4 c6 3. Nf3 Nf6 4. Nc3 a6 5. a4 e6 6. g3 dxc4 7. Bg2 c5 8. dxc5
Qxd1+ 9. Nxd1 Bd7 10. Ne5 Nc6 11. Nxc4 Bxc5 12. Be3 Bxe3 13. Ndxe3 Ke7 14. f4
Rab8 15. Kf2 Nb4 16. Ne5 Rhc8 17. Rhd1 Nc2 18. Nxc2 Rxc2 19. b4 Be8 20. Rac1
Rxc1 21. Rxc1 Bxa4 22. Rc7+ Nd7 23. Nxd7 Bxd7 24. Rxb7 Rxb7 25. Bxb7 Bb5 26. e4
e5 27. Bd5 f6 28. Bg8 h6 29. Kf3 Kf8 30. Be6 Ke7 31. Bc8 Kd8 32. Be6 Ke7 33.
Bb3 Kd6 34. Bg8 Ke7 35. Ba2 Kd6 36. Bb3 Ke7 37. Bc2 Kd6 38. Bd1 Ke7 39. Be2
Bxe2+ 40. Kxe2 exf4 41. gxf4 f5 42. Ke3 Ke6 43. exf5+ Kxf5 44. Kd4 Kxf4 45. Kc5
Ke5 46. Kb6 Kd6 47. Kxa6 Kc7 48. Ka7 Kc6 49. Ka6 Kc7 50. Kb5 g5 51. Kc5 g4 52.
Kd5 h5 53. Ke4 h4 54. Kf4 g3 55. hxg3 hxg3 56. Ke4 1/2-1/2

[Event "Olimpiada de Khanty-Mansiysk 2010"]
[Site "Khanty-Mansiysk RUS"]
[Date "2010.09.28"]
[Round "7"]
[White "Kanep, Meelis"]
[Black "Jumabayev, Rinat"]
[Result "1/2-1/2"]
[WhiteElo "2532"]
[BlackElo "2547"]
[PlyCount "27"]
[EventDate "2010.09.21"]
[EventType "team"]
[EventRounds "11"]
[EventCountry "RUS"]
[Source "lmi"]
[SourceDate "2010.09.21"]
[WhiteTeam "Estonia"]
[BlackTeam "Kazajstán"]
[WhiteTeamCountry "EST"]
[BlackTeamCountry "KAZ"]

1. d4 Nf6 2. c4 e6 3. Nf3 d5 4. g3 dxc4 5. Bg2 a6 6. O-O Nc6 7. e3 Rb8 8. Qe2
b5 9. Bd2 Bb7 10. b3 cxb3 11. axb3 Nb4 12. Rc1 Bd6 13. Ne5 Nfd5 14. Bxb4
1/2-1/2

[Event "Olimpiada de Khanty-Mansiysk 2010"]
[Site "Khanty-Mansiysk RUS"]
[Date "2010.09.28"]
[Round "7"]
[White "Kuderinov, Kirill"]
[Black "Sepp, Olav"]
[Result "0-1"]
[WhiteElo "2481"]
[BlackElo "2485"]
[PlyCount "86"]
[EventDate "2010.09.21"]
[EventType "team"]
[EventRounds "11"]
[EventCountry "RUS"]
[Source "lmi"]
[SourceDate "2010.09.21"]
[WhiteTeam "Kazajstán"]
[BlackTeam "Estonia"]
[WhiteTeamCountry "KAZ"]
[BlackTeamCountry "EST"]

1. e4 e5 2. Nf3 Nc6 3. Bc4 Nf6 4. d3 h6 5. O-O d6 6. h3 Na5 7. Bb3 Nxb3 8. axb3
Be7 9. Nc3 c6 10. d4 Qc7 11. Be3 b5 12. b4 O-O 13. Qe2 exd4 14. Nxd4 Re8 15.
Qf3 Bd7 16. Ra6 Nh7 17. Nf5 Bg5 18. Bd4 Bxf5 19. Qxf5 Bf6 20. Be3 Bg5 21. f4
Bf6 22. Rfa1 Qc8 23. Qxc8 Raxc8 24. e5 dxe5 25. f5 e4 26. Rxa7 Bxc3 27. bxc3
Nf6 28. Kf2 Nd5 29. Rd7 Ra8 30. Ra5 Nxc3 31. Rd6 Rac8 32. Ra6 Nd5 33. Raxc6
Nxb4 34. Rc5 Rxc5 35. Bxc5 Nxc2 36. Ke2 Rc8 37. Rd5 b4 38. Ba7 Ra8 39. Rd7 b3
40. Kd2 Rc8 41. Rb7 Rd8+ 42. Ke2 e3 43. Rxb3 Rd2+ 0-1

[Event "Olimpiada de Khanty-Mansiysk 2010"]
[Site "Khanty-Mansiysk RUS"]
[Date "2010.09.28"]
[Round "7"]
[White "Seeman, Tarvo"]
[Black "Ismagambetov, Anuar"]
[Result "1/2-1/2"]
[WhiteElo "2420"]
[BlackElo "2492"]
[PlyCount "29"]
[EventDate "2010.09.21"]
[EventType "team"]
[EventRounds "11"]
[EventCountry "RUS"]
[Source "lmi"]
[SourceDate "2010.09.21"]
[WhiteTeam "Estonia"]
[BlackTeam "Kazajstán"]
[WhiteTeamCountry "EST"]
[BlackTeamCountry "KAZ"]

1. Nf3 Nf6 2. g3 c5 3. Bg2 Nc6 4. O-O g6 5. c3 Bg7 6. d4 cxd4 7. cxd4 d5 8. Ne5
O-O 9. Nc3 e6 10. Nxc6 bxc6 11. Bf4 Nd7 12. Rc1 Ba6 13. Qd2 Qb6 14. Rfd1 Rac8
15. e4 1/2-1/2

[Event "Olimpiada de Khanty-Mansiysk 2010"]
[Site "Khanty-Mansiysk RUS"]
[Date "2010.09.28"]
[Round "7"]
[White "Stefansson, Hannes"]
[Black "Predojevic, Borki"]
[Result "1/2-1/2"]
[WhiteElo "2585"]
[BlackElo "2624"]
[PlyCount "81"]
[EventDate "2010.09.21"]
[EventType "team"]
[EventRounds "11"]
[EventCountry "RUS"]
[Source "lmi"]
[SourceDate "2010.09.21"]
[WhiteTeam "Islandia"]
[BlackTeam "Bosnia Herzegovina"]
[WhiteTeamCountry "ISL"]
[BlackTeamCountry "BIH"]

1. d4 Nf6 2. c4 e6 3. Nf3 Bb4+ 4. Bd2 c5 5. Bxb4 cxb4 6. g3 b6 7. Bg2 Bb7 8.
O-O O-O 9. Nbd2 Qc7 10. Qb3 a5 11. Rac1 d6 12. a3 Na6 13. Rfd1 Rfe8 14. Nf1 Be4
15. Ne3 Qb7 16. Ne1 Bxg2 17. N1xg2 Rac8 18. Nf4 Qd7 19. Nd3 a4 20. Qc2 b3 21.
Qd2 h6 22. Nb4 Qb7 23. f3 Rc7 24. Nd3 Rec8 25. Kf2 b5 26. cxb5 Qxb5 27. Rxc7
Rxc7 28. Rc1 Nd5 29. Nxd5 Qxd5 30. Nb4 Qb7 31. Nxa6 Rxc1 32. Qxc1 Qxa6 33. Qc7
Qb5 34. Qd8+ Kh7 35. Qxd6 Qc4 36. Qe5 Qc2 37. Qe4+ g6 38. Qf4 Kg8 39. Qb8+ Kg7
40. Qe5+ Kg8 41. Qb8+ 1/2-1/2

[Event "Olimpiada de Khanty-Mansiysk 2010"]
[Site "Khanty-Mansiysk RUS"]
[Date "2010.09.28"]
[Round "7"]
[White "Kurajica, Bojan"]
[Black "Steingrimsson, Hedinn"]
[Result "1/2-1/2"]
[WhiteElo "2535"]
[BlackElo "2550"]
[PlyCount "120"]
[EventDate "2010.09.21"]
[EventType "team"]
[EventRounds "11"]
[EventCountry "RUS"]
[Source "lmi"]
[SourceDate "2010.09.21"]
[WhiteTeam "Bosnia Herzegovina"]
[BlackTeam "Islandia"]
[WhiteTeamCountry "BIH"]
[BlackTeamCountry "ISL"]

1. Nf3 d5 2. d4 Nf6 3. c4 e6 4. Qc2 Be7 5. g3 c5 6. cxd5 cxd4 7. d6 Bxd6 8.
Nxd4 O-O 9. Nf3 Nc6 10. Bg2 e5 11. O-O h6 12. Nc3 Qe7 13. Be3 Nb4 14. Qd2 Rd8
15. a3 Nc6 16. Qc2 Be6 17. Rac1 Rac8 18. Qa4 Ng4 19. Nd5 Qd7 20. Rcd1 Nxe3 21.
fxe3 Bxd5 22. Rxd5 Qe7 23. Nh4 g6 24. Qg4 h5 25. Qf3 Bc7 26. Kh1 Kg7 27. Qe4
Rxd5 28. Qxd5 Bb6 29. Qb3 Rf8 30. Bd5 f5 31. Rc1 Rf6 32. e4 Nd4 33. Qd3 f4 34.
Kg2 Qd7 35. Nf3 Qg4 36. Rf1 h4 37. Nxh4 Nxe2 38. Qf3 Qxf3+ 39. Nxf3 Bc7 40. Re1
Nd4 41. Nxd4 exd4 42. e5 Rf5 43. gxf4 Rxf4 44. e6 Rf8 45. Bxb7 Kf6 46. Ba6 Ke7
47. Bc4 g5 48. h3 Rf4 49. b4 g4 50. hxg4 Rxg4+ 51. Kf3 Rg3+ 52. Ke4 Rxa3 53.
Kxd4 Rg3 54. Kd5 Bd6 55. Ra1 Bxb4 56. Rxa7+ Kf6 57. Rf7+ Kg6 58. Ke5 Re3+ 59.
Kf4 Bd2 60. Rd7 Rd3+ 1/2-1/2

[Event "Olimpiada de Khanty-Mansiysk 2010"]
[Site "Khanty-Mansiysk RUS"]
[Date "2010.09.28"]
[Round "7"]
[White "Thorfinnsson, Bragi"]
[Black "Dizdarevic, Emir"]
[Result "1/2-1/2"]
[WhiteElo "2415"]
[BlackElo "2475"]
[PlyCount "73"]
[EventDate "2010.09.21"]
[EventType "team"]
[EventRounds "11"]
[EventCountry "RUS"]
[Source "lmi"]
[SourceDate "2010.09.21"]
[WhiteTeam "Islandia"]
[BlackTeam "Bosnia Herzegovina"]
[WhiteTeamCountry "ISL"]
[BlackTeamCountry "BIH"]

1. d4 Nf6 2. c4 b6 3. Nc3 Bb7 4. Nf3 e6 5. a3 Ne4 6. Qc2 Nxc3 7. Qxc3 Be7 8. e3
O-O 9. Bd3 c5 10. d5 exd5 11. cxd5 Ba6 12. Bxa6 Nxa6 13. d6 Bf6 14. Qc4 Nb8 15.
O-O Nc6 16. Rb1 Qe8 17. b4 cxb4 18. axb4 Qe6 19. Qxe6 fxe6 20. b5 Na5 21. Ba3
Nc4 22. Bb4 Rfc8 23. g4 a5 24. bxa6 Rxa6 25. Rfc1 h6 26. h4 g6 27. g5 hxg5 28.
hxg5 Bg7 29. Nd2 b5 30. Ne4 Kf7 31. Kg2 Rac6 32. Rh1 Rh8 33. Rxh8 Bxh8 34. Rb3
Be5 35. Rc3 Nb2 36. Rd3 Nc4 37. Rb3 1/2-1/2

[Event "Olimpiada de Khanty-Mansiysk 2010"]
[Site "Khanty-Mansiysk RUS"]
[Date "2010.09.28"]
[Round "7"]
[White "Stojanovic, Dalibor"]
[Black "Thorfinnsson, Bjorn"]
[Result "1/2-1/2"]
[WhiteElo "2496"]
[BlackElo "2404"]
[PlyCount "89"]
[EventDate "2010.09.21"]
[EventType "team"]
[EventRounds "11"]
[EventCountry "RUS"]
[Source "lmi"]
[SourceDate "2010.09.21"]
[WhiteTeam "Bosnia Herzegovina"]
[BlackTeam "Islandia"]
[WhiteTeamCountry "BIH"]
[BlackTeamCountry "ISL"]

1. e4 e5 2. Nf3 Nf6 3. Nxe5 d6 4. Nf3 Nxe4 5. Nc3 Nxc3 6. dxc3 Be7 7. Be3 Nd7
8. Qd2 O-O 9. O-O-O Ne5 10. Kb1 c6 11. Nd4 Re8 12. h3 d5 13. Be2 Bd7 14. f4 Nc4
15. Bxc4 dxc4 16. Qf2 Qc7 17. Rhe1 Rad8 18. g4 c5 19. Nf3 Bd6 20. Nd2 b5 21.
Nf1 h6 22. Bc1 Rxe1 23. Rxe1 Re8 24. Rxe8+ Bxe8 25. Ne3 Bc6 26. Nf5 Bf8 27. Qe2
Qd7 28. b3 g6 29. Ne3 cxb3 30. axb3 Qe7 31. f5 g5 32. Qf2 Qe4 33. c4 Qf4 34.
Qe1 b4 35. Nd5 Qd6 36. Qe4 Bxd5 37. Qxd5 Qe7 38. Bb2 Bg7 39. f6 Qe1+ 40. Ka2
Bf8 41. Qe5 Qf2 42. Qe4 Bd6 43. Qe8+ Bf8 44. Qe4 Bd6 45. Qe8+ 1/2-1/2

[Event "Olimpiada de Khanty-Mansiysk 2010"]
[Site "Khanty-Mansiysk RUS"]
[Date "2010.09.28"]
[Round "7"]
[White "Caruana, Fabiano"]
[Black "Ragger, Markus"]
[Result "1/2-1/2"]
[WhiteElo "2700"]
[BlackElo "2628"]
[PlyCount "39"]
[EventDate "2010.09.21"]
[EventType "team"]
[EventRounds "11"]
[EventCountry "RUS"]
[Source "lmi"]
[SourceDate "2010.09.21"]
[WhiteTeam "Italia"]
[BlackTeam "Austria"]
[WhiteTeamCountry "ITA"]
[BlackTeamCountry "AUT"]

1. d4 Nf6 2. c4 e6 3. Nf3 d5 4. g3 dxc4 5. Bg2 a6 6. O-O Nc6 7. e3 Bd7 8. Nc3
Nd5 9. Nd2 Nxc3 10. bxc3 b5 11. a4 Rb8 12. axb5 axb5 13. Qg4 g6 14. Qf3 Be7 15.
e4 O-O 16. e5 f6 17. Qe3 fxe5 18. dxe5 Be8 19. f4 b4 20. Nxc4 1/2-1/2